Przystanki warszawskiej linii 262 - Statystyki

Ogólne statystyki
  • Ten quiz został rozwiązany 6 razy
  • Średni wynik to 9 z 13
Statystyki odpowiedzi
- Przystanek % Poprawnych
Jórskiego
100%
Kościeliska
100%
Lewinów
100%
↓♦ Lewinów
100%
Metro Trocka
100%
Metro Trocka
100%
Bieżuńska
80%
Diamentowa
60%
↓○ Koszalińska
40%
○↑ Lewinowska
40%
Perłowa
40%
Potulicka
40%
Krzesiwa
20%
Nie znaleziono quizów pasujących do podanych kryteriów
Rozkład punktacji
Procent ludzi z każdym wynikiem
Percentyl według liczby udzielonych odpowiedzi
Twoja historia wyników
Nie rozwiązałeś tego quizu